| 000 | 00751nam a22002297a 4500 | ||
|---|---|---|---|
| 005 | 20240905164138.0 | ||
| 010 | _aENG-141676 | ||
| 020 |
_a979115687075393020 _c750.00 |
||
| 035 | _aEN-125208 | ||
| 037 | _bDBAD | ||
| 082 | _a026.951 | ||
| 245 |
_aHandBook for Korean Studies Librarianship Outside of Korea / _cErica S. Chang |
||
| 260 |
_aSeoul _bThe National Library of Korea _c2014 |
||
| 270 |
_a201, Banpo-daero, seocho-gu _bSeoul, Korea _e137-702 _k8225906325 |
||
| 300 |
_acxv,340p. _c26cm.(Pb) _b,ill |
||
| 500 | _aCommittee on Korean Materials | ||
| 700 |
_971011 _aMikyung Kang |
||
| 700 |
_971012 _aMiree Ku |
||
| 700 |
_971013 _aYunah Sung |
||
| 700 |
_aHyokyoung Yi _971193 |
||
| 942 |
_2ddc _cEN _h026.951 _mHAN |
||
| 999 |
_c205636 _d205636 |
||